[Event "Lucky op 2nd"]
[Site "Hamburg"]
[Date "1999.10.22"]
[Round "9"]
[White "Grauting, George J"]
[Black "Stolz, Petra"]
[Result "0-1"]
[WhiteElo "1191"]
[BlackElo "1283"]
[PlyCount "46"]
[EventDate "1999.10.??"]
[EventType "swiss"]
[EventRounds "9"]
[EventCountry "GER"]
[SourceTitle "EXT 2001"]
[Source "ChessBase"]
[SourceDate "2000.11.22"]
[SourceVersion "1"]
[SourceVersionDate "2000.11.22"]
[SourceQuality "1"]

1. d4 e6 2. g3 Nf6 3. Bg2 g6 4. c4 Bg7 5. Nf3 0-0 6. 0-0 d6 7. Nc3 Nbd7 8. Qc2 c6 9. Be3 h6 10. h3 Re8 11. Rfd1 Qc7 12. Rac1 e5 13. dxe5 Nxe5 14. b3 Bf5 15. Qb2 Nxf3+ 16. Bxf3 Bxh3 17. g4 Bxg4 18. Bxg4 Nxg4 19. Qd2 Nxe3 20. fxe3 Re6 21. Rf1 Rae8 22. Nd1 Qe7 23. Kg2 Qg5+ 0-1